Estudio de la población a travez de los censos (Registro nro. 28678)
[ vista simple ]
| 000 -LEADER | |
|---|---|
| fixed length control field | 00402 a2200109 4500 |
| 001 - CONTROL NUMBER | |
| control field | ART_23632 |
| 005 - DATE AND TIME OF LATEST TRANSACTION | |
| control field | 20260410161932.0 |
| 008 - FIXED-LENGTH DATA ELEMENTS--GENERAL INFORMATION | |
| fixed length control field | 260409a |
| 100 1# - MAIN ENTRY--PERSONAL NAME | |
| Personal name | Mercado de Liserre, Mabel |
| 245 10 - TITLE STATEMENT | |
| Title | Estudio de la población a travez de los censos |
| 773 0# - HOST ITEM ENTRY | |
| Title | Revista de la Facultad de Ciencias Económicas de la Universidad de Cuyo |
| Related parts | - Año XXIV, Nº 72 (sep./dic. 1972) |
| Record control number | REV22981 |
No hay ítems disponibles.